Statystyki dla Anagramy krajów #1

Kliknij tutaj aby rozwiązać quiz!

Ogólne statystyki

  • Ten quiz został rozwiązany 43 razy
  • Średni wynik to 9 z 10

Statystyki odpowiedzi

AnagramOdpowiedź% Poprawnych
OLAKSPPOLSKA
100%
JACAFNRFRANCJA
97%
IEIDNINDIE
97%
MYNECINIEMCY
97%
HCWOŁYWŁOCHY
97%
PIGTEEGIPT
94%
POJANIAJAPONIA
94%
DAKANAKANADA
94%
PIHZSAINAHISZPANIA
90%
CUTAJRTURCJA
90%

Rozkład punktacji

Percentyl według liczby udzielonych odpowiedzi

Procent ludzi z każdym wynikiem

Twoja historia wyników

Nie rozwiązałeś tego quizu